Se derramó la copa...¿Por qué tantos migrantes? /
Guardat en:
| Autor principal: | |
|---|---|
| Format: | Text |
| Etiquetes: |
Afegir etiqueta
Sense etiquetes, Sigues el primer a etiquetar aquest registre!
|
MARC
| LEADER | 00000 a a2200000 04500 | ||
|---|---|---|---|
| 001 | 48866 | ||
| 003 | |||
| 040 | |||
| 100 | |a Moreno , Ismael | ||
| 245 | |a Se derramó la copa...¿Por qué tantos migrantes? / |c Ismael Moreno | ||
| 773 | |a volumen33, número389, (2014), páginas 28-34 | ||
| 999 | |c 36959 |d 36959 | ||
